000
00217 a2200097 4500
001
4407
100
_a
Korn,G.A
245
_a
Maths handbook for scientists engineers
260
_a
_b
Mcgrawhill
_c
090
_c
3605
_d
3605
942
_a
NUST-CAE
_c
M
_c
28947
999
_c
239480
_d
239480